000 00681nam a2200205 i 4500
001 67888
003 ES-MaACL
005 20250903020534.0
007 t|
008 040216s1944 sp ||||1| spa d
100 1 _aGallego Díaz, José.
_953559
245 1 0 _aCurso de matemática en forma de problemas /
_cJosé Gallego Díaz ; prólogo de Antonio Flores de Lemus.
260 _aMadrid :
_bDossat,
_c[1944] (
_fTip. Artística)
300 _aX, 332 p. :
_bil. ;
_c25 cm.
650 0 4 _aMatemáticas-
_vProblemas
_914830
700 1 _aFlores de Lemus, Antonio.
_951277
852 _aES-MaACL
_jF-15955
_bR.20690
852 _aES-MaACL
_jA-311
_bR.36918
999 _c67888
_d67888